| 000 | 00000nam##2200000za#4500 |
| 001 | 9.700308 |
| 003 | CaOODSP |
| 005 | 20210625000758 |
| 007 | cr ||||||||||| |
| 008 | 150407|1976||||xxc|||||o f|0| 0 eng|d |
| 040 | |aCaOODSP|beng |
| 043 | |an-cn--- |
| 086 | 1 |aA43-1567/1976E-PDF |
| 110 | 1 |aCanada.|bAgriculture Canada. |bInformation Services. |
| 245 | 10|aMink diseases |h[electronic resource] |
| 260 | |aOttawa - Ontario : |bAgriculture Canada. |cc1976. |
| 300 | |a48p.|billus. (some coloured) |
| 500 | |aHistorical publication digitized by Agriculture and Agri-Food Canada. |
| 590 | |a15-02-Supp|b2015-02-16 |
| 690 | 07|aGardening|2gcpds |
| 690 | 07|aNorthern Canada|2gcpds |
| 775 | 08|tLes maladies du vison |w(CaOODSP)9.644204 |
| 856 | 40|ahttp://publications.gc.ca|qPDF|s3120 KB|uhttps://publications.gc.ca/collections/collection_2015/aac-aafc/A43-1567-1976-eng.pdf |
| 986 | |aPublication 1567 |